José Martí: El indio, el negro y el entorno revolucionario

保存先:
書誌詳細
第一著者: Rojas Pérez, Walter
フォーマット: 図書
言語:Undetermined
出版事項: San José, Costa Rica Aire Moderno 2005
主題:
タグ: タグ追加
タグなし, このレコードへの初めてのタグを付けませんか!

MARC

LEADER 00000nam a2200000Ia 4500
008 170316s9999 xx 000 0 und d
040 |a cru BVZT 
090 |a C-868 R-1j 
100 |a Rojas Pérez, Walter 
245 |a José Martí: El indio, el negro y el entorno revolucionario 
260 |a San José, Costa Rica 
260 |b Aire Moderno 
260 |c 2005 
300 |a 116 páginas 
650 |a LITERATURA COSTARRICENSE 
650 |a CRÍTICA 
650 |a ENSAYOS COSTARRICENSES 
999 |c 13245  |d 13245 
942 |c 15 D  |h C-868 R-1j  |2 z